000 00502nam a2200205Ia 4500
003 OSt
005 20230516150102.0
008 210423s1979 xx 000 0 und d
040 _cAL
041 _aeng
082 _a330
_223
_bUDAB
100 _aUDAYASHANKAR (S)
_9105679
245 _aBusiness economics
260 _aNew Delhi
_bWiley and Sons
_c1979
365 _b75
_cINR
650 _aEconomics
_9105680
650 _aEconomics
_9105680
906 _aBusiness ; economics
942 _2ddc
_cBK
999 _c172236
_d172236